Online
Catalog

Guía Rápida de Población del Population Reference Bureau / (Record no. 1567)

MARC details
000 -CABECERA
campo de control de longitud fija 00934cam a2200265 a 4500
001 - NÚMERO DE CONTROL
campo de control 000001686
005 - FECHA Y HORA DE LA ÚLTIMA TRANSACCIÓN
campo de control 20240403141130.0
008 - DATOS DE LONGITUD FIJA--INFORMACIÓN GENERAL
campo de control de longitud fija 800102s1991 waua 000 0 spa
020 ## - NÚMERO INTERNACIONAL ESTÁNDAR DEL LIBRO
Número Internacional Estándar del Libro 0917136101
040 ## - FUENTE DE LA CATALOGACIÓN
Centro catalogador/agencia de origen DO-SdBNP
Lengua de catalogación spa
Centro/agencia transcriptor BNPHU
041 17 - CÓDIGO DE LENGUA
Código de lengua del texto/banda sonora o título independiente spa
Código de lengua del sumario o resumen eng
Fuente del código Código de idioma MARC
082 ## - NÚMERO DE LA CLASIFICACIÓN DECIMAL DEWEY
Número de clasificación 312
Número de documento/Ítem H374g, 1991
100 1# - ENTRADA PRINCIPAL--NOMBRE DE PERSONA
Nombre de persona Haupt, Arthur,
Fechas asociadas al nombre 1945-
9 (RLIN) 5475
245 10 - MENCIÓN DE TÍTULO
Título Guía Rápida de Población del Population Reference Bureau /
Mención de responsabilidad, etc. por Arthur Haupt y Thomás T. Kane.
250 ## - MENCIÓN DE EDICIÓN
Mención de edición 2a ed.
260 ## - PUBLICACIÓN, DISTRIBUCIÓN, ETC.
Lugar de publicación, distribución, etc. Washington, D.C. :
Nombre del editor, distribuidor, etc. Population Reference Bureau,
Fecha de publicación, distribución, etc. 1991.
300 ## - DESCRIPCIÓN FÍSICA
Extensión 79 p. :
Otras características físicas il. ;
Dimensiones 21 cm.
534 ## - NOTA SOBRE LA VERSIÓN ORIGINAL
Frase introductoria Título original:
Mención de título del original Population Reference handbook del population Reference Bureau
650 #4 - PUNTO DE ACCESO ADICIONAL DE MATERIA--TÉRMINO DE MATERIA
Término de materia o nombre geográfico como elemento de entrada Demografía
Subdivisión general Manuales
9 (RLIN) 5476
650 #4 - PUNTO DE ACCESO ADICIONAL DE MATERIA--TÉRMINO DE MATERIA
Término de materia o nombre geográfico como elemento de entrada Población
Subdivisión general Manuales
9 (RLIN) 5477
700 1# - PUNTO DE ACCESO ADICIONAL--NOMBRE DE PERSONA
Nombre de persona Kane, Thomas T.,
Fechas asociadas al nombre 1951-
9 (RLIN) 5478
710 2# - PUNTO DE ACCESO ADICIONAL--NOMBRE DE ENTIDAD CORPORATIVA
Nombre de entidad corporativa o nombre de jurisdicción como elemento de entrada Population Reference Bureau
9 (RLIN) 5479
910 ## - DATOS DE OPCIÓN DEL USUARIO (OCLC)
Datos de opción del usuario Catalogación derivada
910 ## - DATOS DE OPCIÓN DEL USUARIO (OCLC)
Datos de opción del usuario WM
Holdings
Estado de retiro Estado de pérdida Restricciones de uso No para préstamo Código de colección Localización permanente Ubicación/localización actual Ubicación en estantería Fecha de adquisición Número de inventario Total de préstamos Signatura topográfica completa Código de barras Fecha visto por última vez Precio válido a partir de Tipo de ítem Koha
    Préstamo interno   Monografías: Libros y Folletos General General Depósito 13.07.2009 LF1   312 H374g, 1991 1686-10 25.06.2020 25.06.2020 Préstamo interno

Powered by Koha